000 00392nam a2200133Ia 4500
008 090123s9999 xx 000 0 und d
082 _b11403
245 _aसमथिंग टू हर अद्वैत
250 _a0
300 _a63
630 _aसमथिंग टू हर अद्वैत
730 _aसमथिंग टू हर अद्वैत
942 _cBOOK
999 _c49466
_d49466